Eastern Utah Libraries Catalog: Duchesne, Heber, Roosevelt, & Vernal

Minecraft blockopedia / (Record no. 368136)

MARC details
000 -LEADER
fixed length control field 03173nam a2200637 i 4500
001 - CONTROL NUMBER
control field BK0027820853
003 - CONTROL NUMBER IDENTIFIER
control field DLC
005 - DATE AND TIME OF LATEST TRANSACTION
control field 20220610134655.0
008 - FIXED-LENGTH DATA ELEMENTS--GENERAL INFORMATION
fixed length control field 220420s2021 nyua c f 001 0 eng d
010 ## - LIBRARY OF CONGRESS CONTROL NUMBER
LC control number 2022289073
020 ## - INTERNATIONAL STANDARD BOOK NUMBER
International Standard Book Number 9780593355909 : HRD
Terms of availability 34.99
020 ## - INTERNATIONAL STANDARD BOOK NUMBER
International Standard Book Number 0593355903 : HRD
Terms of availability 34.99
Qualifying information (hardcover)
-- (hardcover)
037 ## - SOURCE OF ACQUISITION
Source of stock number/acquisition Random House Inc, Attn Order Entry 400 Hahn rd, Westminster, MD, USA, 21157
Note SAN 201-3975
040 ## - CATALOGING SOURCE
Original cataloging agency GCmBT
Language of cataloging eng
Transcribing agency FMG
Description conventions rda
Modifying agency FMG
-- OCO
-- GO3
-- OCLCQ
-- OCLCF
-- FHP
-- Z#6
-- XY4
-- OCLCO
-- VP@
-- HQD
-- TCH
-- OCLCO
-- Y32
-- DLC
050 00 - LIBRARY OF CONGRESS CALL NUMBER
Classification number GV1469.35.M535
Item number J443 2021
082 04 - DEWEY DECIMAL CLASSIFICATION NUMBER
Classification number 794.8/5
Edition number 23/eng/20211112
092 ## - LOCALLY ASSIGNED DEWEY CALL NUMBER (OCLC)
Classification number 794.8500
100 1# - MAIN ENTRY--PERSONAL NAME
Personal name Jelley, Craig,
Relator term author.
9 (RLIN) 5929123
245 10 - TITLE STATEMENT
Title Minecraft blockopedia /
Statement of responsibility, etc written by Craig Jelley ; illustrations by Ryan Marsh.
246 30 - VARYING FORM OF TITLE
Title proper/short title Blockopedia
250 ## - EDITION STATEMENT
Edition statement Updated edition.
250 ## - EDITION STATEMENT
Edition statement First US edition.
264 #1 - Production, Publication, Distribution, Manufacture, and Copyright Notice.
Place of production, publication, distribution, manufacture New York :
Name of producer, publisher, distributor, manufacturer Del Rey,
Date of production, publication, distribution, manufacture, or copyr [2021]
300 ## - PHYSICAL DESCRIPTION
Extent 331 pages :
Other physical details illustrations (chiefly color) ;
Dimensions 26 cm
336 ## - Content Type
Content type term text
336 ## - Content Type
Content type term still image
337 ## - Media type
Media type term unmediated
338 ## - Carrier type
Carrier type term volume
380 ## -
-- Book
-- tlcgt
385 ## -
-- Juvenile
-- tlctarget
385 ## -
-- Pre-adolescent
-- marctarget
500 ## - GENERAL NOTE
General note "Mojang Studios."
500 ## - GENERAL NOTE
General note Includes index.
505 0# - FORMATTED CONTENTS NOTE
Formatted contents note Section 1: World blocks -- Section 2: Productive blocks -- Section 3: Refined blocks -- Section 4: Utility blocks -- Section 5: Redstone blocks -- Section 6: Miscellaneous blocks.
520 ## - SUMMARY, ETC.
Summary, etc Completely revised and updated, the must-have guide for beginning and experienced Minecrafters alike contains information on each of the blocks that make up the Minecraft world.
650 #0 - SUBJECT ADDED ENTRY--TOPICAL TERM
Topical term or geographic name as entry element Minecraft (Game)
Form subdivision Handbooks, manuals, etc.
-- Juvenile literature.
9 (RLIN) 5744106
650 #0 - SUBJECT ADDED ENTRY--TOPICAL TERM
Topical term or geographic name as entry element Video games
Form subdivision Handbooks, manuals, etc.
-- Juvenile literature.
9 (RLIN) 5744112
650 #1 - SUBJECT ADDED ENTRY--TOPICAL TERM
Topical term or geographic name as entry element Minecraft (Game)
Form subdivision Handbooks, manuals, etc.
9 (RLIN) 5746776
650 #1 - SUBJECT ADDED ENTRY--TOPICAL TERM
Topical term or geographic name as entry element Video games
Form subdivision Handbooks, manuals, etc.
9 (RLIN) 5746777
655 #2 - INDEX TERM--GENRE/FORM
Genre/form data or focus term Handbook
9 (RLIN) 6445878
650 #6 - SUBJECT ADDED ENTRY--TOPICAL TERM
Topical term or geographic name as entry element Minecraft (Jeu)
Form subdivision Guides, manuels, etc.
-- Ouvrages pour la jeunesse.
9 (RLIN) 6449888
650 #6 - SUBJECT ADDED ENTRY--TOPICAL TERM
Topical term or geographic name as entry element Jeux vidaeo
Form subdivision Guides, manuels, etc.
-- Ouvrages pour la jeunesse.
9 (RLIN) 6449889
650 #7 - SUBJECT ADDED ENTRY--TOPICAL TERM
Topical term or geographic name as entry element JUVENILE NONFICTION / Computers / Entertainment & Games.
Source of heading or term bisacsh
9 (RLIN) 5767887
650 #7 - SUBJECT ADDED ENTRY--TOPICAL TERM
Topical term or geographic name as entry element Minecraft (Game)
Source of heading or term fast
-- (OCoLC)fst01894597
650 #7 - SUBJECT ADDED ENTRY--TOPICAL TERM
Topical term or geographic name as entry element Video games.
Source of heading or term fast
-- (OCoLC)fst01166421
655 #7 - INDEX TERM--GENRE/FORM
Genre/form data or focus term Handbooks and manuals.
Source of term fast
-- (OCoLC)fst01423877
9 (RLIN) 5705141
655 #7 - INDEX TERM--GENRE/FORM
Genre/form data or focus term Juvenile works.
Source of term fast
-- (OCoLC)fst01411637
9 (RLIN) 5673941
655 #7 - INDEX TERM--GENRE/FORM
Genre/form data or focus term Handbooks and manuals.
Source of term lcgft
9 (RLIN) 5705141
655 #7 - INDEX TERM--GENRE/FORM
Genre/form data or focus term Guides et manuels.
Source of term rvmgf
9 (RLIN) 6357554
650 #7 - SUBJECT ADDED ENTRY--TOPICAL TERM
Topical term or geographic name as entry element Minecraft (Game)
Form subdivision Handbooks, manuals, etc.
-- Juvenile literature.
Source of heading or term sears
9 (RLIN) 5744106
650 #7 - SUBJECT ADDED ENTRY--TOPICAL TERM
Topical term or geographic name as entry element Video games
Form subdivision Handbooks, manuals, etc.
-- Juvenile literature.
Source of heading or term sears
9 (RLIN) 5744112
650 #7 - SUBJECT ADDED ENTRY--TOPICAL TERM
Topical term or geographic name as entry element Minecraft (Game)
Form subdivision Handbooks, manuals, etc.
Source of heading or term sears
9 (RLIN) 5746776
650 #7 - SUBJECT ADDED ENTRY--TOPICAL TERM
Topical term or geographic name as entry element Video games
Form subdivision Handbooks, manuals, etc.
Source of heading or term sears
9 (RLIN) 5746777
700 1# - ADDED ENTRY--PERSONAL NAME
Personal name Marsh, Ryan,
Relator term illustrator.
9 (RLIN) 6010106
700 1# - ADDED ENTRY--PERSONAL NAME
Personal name Wiltshire, Alex.
Title of a work Minecraft blockopedia.
-- Revision of (work):
9 (RLIN) 6435546
Holdings
Withdrawn status Lost status Source of classification or shelving scheme Damaged status Not for loan Collection code Home library Current library Shelving location Date acquired Source of acquisition Total Checkouts Total Renewals Full call number Barcode Checked out Date last seen Date checked out Cost, replacement price Price effective from Koha item type
    Dewey Decimal Classification     Junior NonFiction Wasatch County Library Wasatch County Library Second Floor 10/08/2024 Amazon 17 14 J 794.8 Minecraft 34301002133231 02/10/2026 12/15/2025 12/15/2025 34.99 10/08/2024 BOOK
This project was made possible through a grant from the Institute of Museum and Library Service administered by the Utah State Library Division.

Wasatch County Library

  • 465 East 1200 South, Heber City, Utah 84032
  • Phone 435-654-1511 | Fax 435-654-6456

Hours

  • Monday - Friday 9:30 AM - 8:00 PM
  • Saturday 9:30 AM - 1:30 PM
  • Closed Sundays and Holidays